00319pab a2200133 454500008004000000100002100040245002800061260000900089300000900098362001100107650003400118650001300152773002000165180718b1998 xxu||||| |||| 00| 0 eng d aAnanthachari, T. aLessons from Tamil Nadu c1998 ap.13 a28 Apr aViolence - India - Tamil Nadu aViolence aHindustan Times